El derecho al medio ambiente adecuado

Saved in:
Bibliografiske detaljer
Hovedforfatter: Loperena Rota, Demetrio (autor)
Format: Bog
Sprog:spansk
Udgivet: Madrid Civitas 1996
Serier:Cuadernos Civitas
Fag:
Tags: Tilføj Tag
Ingen Tags, Vær først til at tagge denne postø!

MARC

LEADER 00000nam a2200000 a 4500
001 UCM8942
003 CL-VaPUC
008 030404e19960000SP |||||||||||||||||spa|d
020 |a 8447006743 
082 0 4 |a 344.046  |b LOP  |2 21 
100 |a Loperena Rota, Demetrio  |e autor  |9 475261 
245 1 3 |a El derecho al medio ambiente adecuado 
300 |a 154 p 
942 |c BK 
945 |d 20030404 00:00:00  |a cmena 
260 |a Madrid  |b Civitas  |c 1996 
650 0 |a Derecho ambiental   |9 257835 
650 0 |a Protección del medio ambiente  |9 257626 
650 0 |a Derechos humanos  |9 223025 
650 0 |a Contaminación atmosférica  |9 262775 
650 0 |a Contaminación del agua  |9 261423 
650 0 |a Contaminación del suelo  |9 338123 
650 0 |a Salud pública  |9 258913 
583 |a last modification  |c 20030404 00:00:00  |k Rodrigo Vera 
490 0 |a Cuadernos Civitas 
999 |c 303354  |d 303352 
952 |0 0  |1 0  |4 0  |6 344_046000000000000_LOP_1996  |7 0  |8 A  |9 364594  |a BIBDER  |b BIBDER  |d 2019-11-21  |i 4130375  |o 344.046 LOP 1996  |p 4130375  |r 2023-01-25  |w 2019-11-21  |y BK  |k DER 
952 |0 0  |1 0  |4 0  |6 344_046000000000000_LOP_1996  |7 0  |8 A  |9 364595  |a BIBDER  |b BIBDER  |d 2019-11-21  |i 4130421  |o 344.046 LOP 1996  |p 4130421  |r 2023-01-25  |w 2019-11-21  |y BK  |k DER